Asiascape: Digital Asia.

محفوظ في:

التنسيق: دورية

اللغة: Undetermined

الموضوعات:

الوصول للمادة أونلاين: Login to view Source

الوسوم: إضافة وسم

لا توجد وسوم, كن أول من يضع وسما على هذه التسجيلة!

رقم الطلب:

LEADER 00520nms a2200181Ia 4500
005 20240402051620.0
008 240131s9999||||xx |||||||||||||||||und||
999 |c 56365  |d 56365 
022 |a 2214-2304 
022 |a 2214-2312 
245 0 0 |a Asiascape: Digital Asia. 
336 |2 rdacontent  |a text  |b txt 
337 |2 rdamedia  |a unmediated  |b n 
338 |2 rdacarrier  |a volume  |b n 
500 |a BRILLBRILLJ 
650 4 |a Society & culture: general. 
856 |z DIAS  |u https://brill.com/view/journals/dias/dias-overview.xml 
942 |2 lcc  |c EJL